000 00654cam a2200229 4500
001 J1079
008 090401t1992 xxu||||| |||| 00| 0 eng d
035 _a(Sirsi) u41650
041 _aeng
050 _a693.5
100 _aHarrison, W.H.
245 _aAssessing the risk of sulphate attack on concrete in the ground.
260 _aGarston, Watford
_bBuilding Research Establishment
_c1992
300 _a(4)p. ; 30cm.
350 _a0
490 _aBRE Information Paper
_v15/92
650 _aSULPHATE ATTACK
690 _aBUILT ENVIRONMENT-BUILDING MATERIALS
710 _aBuilding Research Establishment
942 _n0
948 _c04/03/1997
999 _c90957
_d90957